| 000 | 00699cab a2200265 4500 | ||
|---|---|---|---|
| 001 | WB2638-32 | ||
| 008 | 090401t1990 xxu||||| |||| 00| 0 eng d | ||
| 035 | _a(Sirsi) u70560 | ||
| 041 | _aeng | ||
| 245 | _aParties to target home front | ||
| 260 | _c1990 | ||
| 350 | _a0 | ||
| 490 |
_aTimes _v22/9/90 p44(2) |
||
| 520 | _aExamines the housing policy of the three main political parties. | ||
| 650 | _aCOMMONHOLD FLATS CAMPAIGN | ||
| 650 | _aCOMMONHOLD | ||
| 650 | _aCONSERVATIVE PARTY | ||
| 650 | _aLABOUR PARTY | ||
| 650 | _aLIBERAL DEMOCRATS | ||
| 650 | _aSECURITY OF TENURE | ||
| 650 | _aSMALL LANDLORDS ASSOCIATION | ||
| 690 | _aHOUSING | ||
| 942 | _n0 | ||
| 948 | _c04/03/1997 | ||
| 999 |
_c44391 _d44391 |
||